[Event "GER-chT U12"]
[Site "Magdeburg"]
[Date "2017.12.28"]
[Round "3.2"]
[White "Blazevic, Ksaver"]
[Black "Maric, Anton"]
[Result "1-0"]
[WhiteElo "1139"]
[BlackElo "1314"]
[PlyCount "49"]
[EventDate "2017.12.26"]
[EventType "team-swiss"]
[EventRounds "7"]
[EventCountry "GER"]
[SourceTitle "CBM 182 Extra"]
[Source "ChessBase"]
[SourceDate "2018.02.23"]
[SourceVersion "1"]
[SourceVersionDate "2018.02.23"]
[SourceQuality "1"]
[WhiteTeam "Goeppingen"]
[BlackTeam "Koeln SF"]
[WhiteTeamCountry "GER"]
[BlackTeamCountry "GER"]

1. e4 e6 2. d4 d5 3. e5 c5 4. c3 Qb6 5. Nf3 Bd7 6. Bd3 Bb5 7. 0-0 Bxd3 8. Qxd3 Nc6 9. Be3 Nge7 10. Nbd2 Nf5 11. b3 cxd4 12. cxd4 Be7 13. Rac1 f6 14. Rfe1 Nb4 15. Qb1 Qa6 16. Rc7 fxe5 17. dxe5 0-0 18. g4 Nxe3 19. Rxe3 Bg5 20. Nxg5 g6 21. Rxh7 Rf5 22. gxf5 exf5 23. Reh3 Kf8 24. Rh8+ Ke7 25. R3h7# 1-0